| 000 | 00756nam a2200205Ia 4500 | ||
|---|---|---|---|
| 008 | 130821s1999 ck gs spa | ||
| 040 |
_aCo-BoUCM _bspa |
||
| 041 | 0 | 0 | _aspa |
| 092 | _aCD 0065 | ||
| 100 | 1 | _aAcevedo, Oscar | |
| 245 | 1 | 0 |
_aDedicatoria _cOscar Acevedo. |
| 260 |
_aBogotá (Colombia) _bInstituto Distrital de Cultura y Turismo _c1999 |
||
| 300 | _a1 CD-ROM | ||
| 505 | _aAhora sí. -- Amalgama. -- Gozadera. -- Yo!-Bim. -- En la frontera. -- Estudio para bajo. -- Matilde. -- Paisaje. | ||
| 650 | 0 | 4 |
_aArte _99444 |
| 650 | 0 | 4 |
_aMúsica colombiana _vCD-ROM _919984 |
| 650 | 0 | 4 |
_aMúsica instrumental _vCD-ROM _920002 |
| 710 |
_aBogotá. _Balcaldía Mayor. _Binstituto Distrital de Cultura y Turismo. IDCT |
||
| 942 |
_cMULTIMEDIA _2LOCAL _a17 _e1 |
||
| 999 |
_c29986 _d29986 |
||